000 01239cam a22003497a 4500
003 CHAP
005 20220329141441.0
008 971013s1987 r 00010 d
010 _a68336
011 _a69308
035 _a78784
040 _cCHAP
082 _a574
_bL6
100 0 0 _aLópez de la Rosa, Luz María.
_967814
245 1 4 _aLas funciones básicas de los organismos
260 _aMéxico :
_bCECSA,
_c1987
300 _a88 p.
_b: ilus.
490 0 _aSerie de fascículos modulares de biología para la enseñanza med..
500 _a27-221
590 _aBATCH-UPD
_b10
_c20130110
_lUCH01
_h0648
590 _aBATCH-UPD
_b10
_c20130410
_lUCH01
_h0333
590 _aBATCH-UPD
_b10
_c20130914
_lUCH01
_h0634
590 _aBATCH-UPD
_b10
_c20130914
_lUCH01
_h2137
590 _aCONVERSION
_b10
_c20130109
_lUCH01
_h1338
650 1 4 _aBiología.
_912773
830 0 _aSerie de fascículos modulares de biología para la enseñanza med..
_9104725
901 _aBK
942 _cLIBRO
949 _a574 L6
_bBC
_cLIBRO
_d33724000458121
_eLIBRO
_fc.2
_h72177
_i78784
_si
_t1.75
949 _a574 L6
_bBC
_cLIBRO
_d33724000458139
_eLIBRO
_h72176
_i78784
_si
_t1.75
949 _a574 L6
_bBC
_cLIBRO
_d33724000458154
_eLIBRO
_fc.3
_h72178
_i78784
_si
_t1.75
999 _c68336
_d68336